00369nam a2200145Ia 4500008004100000020001500041041001200056082001600068100001400084245004900098260003500147300000800182650001400190700001900204221030s9999 xx 000 0 und d a8129705273 aEnglish a105.23bJos aJ. Joseph 0aGrid Computingcby J. Joseph, C. Fellenstein bPearson EducationaDelhic2005 a400 aComputers aC. Fellenstein